[Event "SuperGM"]
[Site "Sarajevo BIH"]
[Date "1999.05.23"]
[Round "6"]
[White "Shirov, Alexei"]
[Black "Topalov, Veselin"]
[Result "1-0"]
[WhiteElo "2726"]
[BlackElo "2700"]

1.e4 c5 2.Cf3 d6 3.d4 cxd4 4.Cxd4 Cf6 5.Cc3 a6 6.Fe3 Cg4 7.Fc1 Cf6 8.Fe2 
e5 9.Cb3 Fe7 10.O-O O-O 11.Fe3 Fe6 12.Cd5 Cbd7 13.Dd3 Fxd5 14.exd5 Cc5 15.
Dd2 Cfe4 16.Db4 b6 17.f3 Cf6 18.Dd2 Dd7 19.f4 Cfe4 20.Db4 Tfb8 21.Cxc5 
Cxc5 22.fxe5 dxe5 23.Tad1 Fd6 24.Dh4 Tf8 25.g4 Da4 26.c4 Dc2 27.Td2 De4 
28.Dh3 a5 29.b3 Dg6 30.Rh1 De4+ 31.Rg1 Dg6 32.g5 Ce4 33.Fd3 Cxg5 34.Fxg5 
e4 35.Tg2 exd3 36.Ff6 gxf6 37.Dxd3 Tae8 38.Txf6 Fc5+ 39.Rh1 Te3 40.Dd1 
Tfe8 41.Tgxg6+ hxg6 42.Tf1 T8e7 43.Dg4 Rg7 44.Dh4 f5 45.Td1 T3e4 46.Dg3 
Rf7 47.Db8 Te8 48.Dc7+ T4e7 49.Dg3 Te3 50.Dh4 T3e4 51.Dh7+ Rf6 52.Dc7 g5 
53.Dc6+ Rg7 54.d6 g4 55.Tf1 Tf4 56.Tg1 Fxg1 57.Dxe8 Fd4 58.De2 Te4 59.Dd2 
Rf7 60.d7 Re7 61.Dg5+ Rxd7 62.Dxf5+ Te6 63.Dxg4 Fc5 64.h4 Re7 65.Dg7+ Re8 
66.h5 Ff8 67.Db7 Tf6 68.Rg2 Fe7 69.Rg3 Rf8 70.Rg4 Th6 71.Da8+ Rf7 72.Dd5+ 
Rf8 73.Dd2 Td6 74.De3 Rf7 75.c5 bxc5 76.Dxc5 1-0

[Event "It 94-95"]
[Site "Pamplona ESP"]
[Date "1994.??.??"]
[Round "?"]
[White "Topalov, Veselin"]
[Black "Yudasin, Leonid"]
[Result "1/2-1/2"]
[WhiteElo "2645"]
[BlackElo "2615"]
[EventDate "1994.12.??"]

1.e4 c6 2.d4 d5 3.exd5 cxd5 4.c4 Cf6 5.Cc3 e6 6.a3 dxc4 7.Fxc4 Fe7 8.Cf3 
O-O 9.O-O Fd7 10.De2 Fc6 11.Td1 Fd5 12.Cxd5 Cxd5 13.Fd3 Cd7 14.De4 g6 15.
Fh6 Te8 16.Ce5 Ff8 17.Fd2 Fg7 18.Fb5 C7f6 19.Df3 Tf8 20.Fc4 Dd6 21.Tac1 
Tac8 22.g4 De7 23.h4 Tfd8 24.Fa5 b6 25.Fd2 Tc7 26.Fa6 Txc1 27.Txc1 Tf8 28.
Fb5 a5 29.h5 Cc7 30.Fd3 Cfd5 31.Rg2 f6 32.Cc6 De8 33.b4 axb4 34.Fxb4 Fh6 
35.Ce7+ Rg7 36.Cxd5 Cxd5 37.Fxf8+ 1/2-1/2

[Event "It 94-95"]
[Site "Pamplona ESP"]
[Date "1994.??.??"]
[Round "?"]
[White "Zvjaginsev, Vadim"]
[Black "Topalov, Veselin"]
[Result "1-0"]
[WhiteElo "2585"]
[BlackElo "2630"]
[EventDate "1994.12.??"]

1.d4 Cf6 2.c4 c5 3.d5 b5 4.Cf3 g6 5.Dc2 bxc4 6.e4 Fg7 7.Fxc4 d6 8.O-O O-O 
9.h3 Cbd7 10.Td1 Cb6 11.Fe2 e6 12.dxe6 Fxe6 13.Cc3 De7 14.Fg5 h6 15.Fh4 
Tad8 16.Te1 g5 17.Fg3 Ch5 18.Fh2 f5 19.exf5 Fxf5 20.Dd1 d5 21.g4 Fe4 22.
gxh5 Df7 23.Cxe4 dxe4 24.Dc2 exf3 25.Ff1 Dxh5 26.Te7 Tf7 27.Tae1 Fd4 28.
Fc7 Tdf8 29.Fxb6 axb6 30.Fc4 Dh4 31.Fxf7+ Rh8 32.T1e3 Dxh3 33.Dh7+ Rxh7 
34.Fe6+ Rg6 35.Fxh3 Fxe3 36.Txe3 h5 37.Fd7 g4 38.Te6+ Rg5 39.Txb6 Tf4 40.
Tc6 Tc4 41.b4 Txb4 42.Txc5+ Rh4 43.Fe8 g3 44.Txh5+ Rg4 45.Tb5 Td4 46.Fh5+ 
Rf4 47.fxg3+ Rxg3 48.Tg5+ Rh4 49.Tg4+ 1-0

[Event "6. Magistral"]
[Site "Madrid ESP"]
[Date "1997.05.22"]
[Round "2"]
[White "Topalov, Veselin"]
[Black "Short, Nigel D"]
[Result "1-0"]
[WhiteElo "2725"]
[BlackElo "2690"]

1.e4 e5 2.Cf3 Cc6 3.Fb5 a6 4.Fa4 Cf6 5.O-O Fe7 6.Te1 d6 7.Fxc6+ bxc6 8.d4 
exd4 9.Cxd4 Fd7 10.Cc3 O-O 11.h3 c5 12.Cf3 Te8 13.e5 dxe5 14.Cxe5 Fd6 15.
Ff4 Ff5 16.Tc1 Te6 17.Df3 De8 18.Cd3 c4 19.Txe6 Fxe6 20.Ce5 Tb8 21.Te1 Df8
22.b3 cxb3 23.axb3 Te8 24.Cd3 c5 25.Fxd6 Dxd6 26.Df4 Dxf4 27.Cxf4 Ff5 28.
Tc1 c4 29.bxc4 Tc8 30.Ccd5 Cxd5 31.Cxd5 Rf8 32.Ta1 Fxc2 33.Cb6 Tc7 34.Txa6
g6 35.f3 Rg7 36.Ta3 Tc6 37.Tc3 Txb6 38.Txc2 Rf6 39.Rf2 Re5 40.Te2+ Rd6 41.
Rg3 Tc6 42.Td2+ Re5 43.Td5+ Re6 44.Td4 Ta6 45.Te4+ Rd6 46.h4 Ta2 47.c5+ 
Rd7 48.c6+ Rd6 49.Tc4 Rc7 50.Tf4 f5 51.Tc4 h5 52.Tc5 Ta4 53.Te5 f4+ 54.Rh3
Td4 55.Te6 Td6 56.Txd6 Rxd6 57.g3 Rxc6 58.gxf4 Rd5 59.Rg3 Re6 60.Rf2 Rf6 
61.Re2 Re6 62.Rd3 Rd5 63.Re3 Re6 64.Re4 Rf6 65.f5 g5 66.hxg5+ Rxg5 67.Re5 
h4 68.f6 Rg6 69.Re6 1-0

[Event "SuperGM"]
[Site "Sarajevo BIH"]
[Date "1999.05.21"]
[Round "5"]
[White "Short, Nigel D"]
[Black "Topalov, Veselin"]
[Result "1/2-1/2"]
[WhiteElo "2697"]
[BlackElo "2700"]

1.e4 c5 2.Cc3 e6 3.g3 d5 4.d3 Cc6 5.exd5 exd5 6.Fg2 Cf6 7.Cge2 d4 8.Ce4 
Cxe4 9.dxe4 Fe7 10.O-O O-O 11.Cf4 Fg5 12.c3 Fxf4 13.Fxf4 Fe6 14.Dh5 b6 15.
e5 Fd5 16.Fg5 Dd7 17.Ff6 Rh8 18.Fh3 Fe6 19.Fxg7+ Rxg7 20.Dg5+ Rh8 21.Df6+ 
Rg8 22.Dg5+ 1/2-1/2

[Event "Interzonal"]
[Site "Biel SUI"]
[Date "1993.??.??"]
[Round "5"]
[White "Smirin, Ilia"]
[Black "Topalov, Veselin"]
[Result "1-0"]
[WhiteElo "2640"]
[BlackElo "2650"]

1.e4 e5 2.Cf3 Cc6 3.Fb5 a6 4.Fa4 Cf6 5.O-O Fe7 6.Te1 b5 7.Fb3 O-O 8.d3 d6 
9.c3 Ca5 10.Fc2 c5 11.Cbd2 Fb7 12.Cf1 Te8 13.a4 h6 14.Cg3 Ff8 15.d4 Dc7 
16.d5 Cc4 17.b3 Cb6 18.Fe3 bxa4 19.bxa4 Cc4 20.Fc1 Fc8 21.Dd3 Ca5 22.c4 
Fd7 23.Fd2 Tab8 24.Tab1 Fe7 25.Fc3 Fd8 26.Fxa5 Txb1 27.Fxc7 Txe1+ 28.Cxe1 
Fxc7 29.Dc3 g6 30.Cd3 h5 31.f3 1-0

[Event "Politicen Cup"]
[Site "Copenhagen DEN"]
[Date "1991.??.??"]
[Round "?"]
[White "Topalov, Veselin"]
[Black "Sokolov, Ivan"]
[Result "0-1"]
[WhiteElo "2455"]
[BlackElo "2570"]

1.d4 Cf6 2.c4 e6 3.Cf3 b6 4.g3 Fa6 5.b3 Fb4+ 6.Fd2 Fe7 7.Fg2 Fb7 8.Cc3 O-O
9.O-O Ca6 10.Fg5 d5 11.Ce5 h6 12.Fxf6 Fxf6 13.e3 c6 14.Dh5 Cc7 15.Tac1 Ce8
16.Fh3 De7 17.Ce2 Cd6 18.Fg2 Tac8 19.Tfd1 Tfd8 20.Cf4 dxc4 21.bxc4 c5 22.
Fxb7 Cxb7 23.d5 Fxe5 24.Dxe5 Dg5 25.Db2 e5 26.Ce2 Cd6 27.Rg2 e4 28.a4 Tb8 
29.Cf4 Dg4 30.De2 Df5 31.Ta1 g5 32.Ch5 Rh7 33.g4 De5 34.Cg3 Tf8 35.Dc2 Rg7
36.a5 b5 37.cxb5 Txb5 38.Ta3 Tfb8 39.a6 T8b6 40.h3 Rf6 41.Ta4 Rg7 42.Cxe4 
Tb2 43.Dc3 Txf2+ 44.Rg1 Dxc3 45.Cxc3 Tf3 46.Ce4 Txe3 47.Cxd6 Txd6 48.Tc4 
Txh3 49.Txc5 Tg3+ 50.Rh1 Txg4 51.Tc7 Ta4 52.Tf1 Taxa6 53.Tfxf7+ Rg6 0-1

[Event "Hoogovens"]
[Site "Wijk aan Zee NED"]
[Date "1996.??.??"]
[Round "4"]
[White "Sokolov, Ivan"]
[Black "Topalov, Veselin"]
[Result "1-0"]
[WhiteElo "2665"]
[BlackElo "2700"]

1.d4 Cf6 2.c4 e6 3.Cc3 c5 4.d5 exd5 5.cxd5 d6 6.e4 g6 7.f4 Fg7 8.Fb5+ Cbd7
9.e5 dxe5 10.fxe5 Ch5 11.e6 Dh4+ 12.g3 Cxg3 13.hxg3 Dxh1 14.Fe3 Fxc3+ 15.
bxc3 a6 16.exd7+ Fxd7 17.Fxd7+ Rxd7 18.Db3 b5 19.O-O-O The8 20.Fxc5 Tac8 
21.Fd4 Dg2 22.Da3 Dxg3 23.Dxa6 Txc3+ 24.Rb2 Tcc8 25.Dxb5+ Rd6 26.Ra1 Da3 
27.Fb2 Dc5 28.Da6+ Rd7 29.Da4+ 1-0

[Event "SuperGM"]
[Site "Sarajevo BIH"]
[Date "1999.05.24"]
[Round "7"]
[White "Topalov, Veselin"]
[Black "Sokolov, Ivan"]
[Result "1/2-1/2"]
[WhiteElo "2700"]
[BlackElo "2624"]

1.Cf3 d5 2.d4 c6 3.c4 dxc4 4.e3 Fe6 5.a4 Cf6 6.Cc3 h6 7.Ce5 Cbd7 8.Cxc4 
Ff5 9.Db3 Dc7 10.f3 e5 11.dxe5 Cc5 12.Da2 Cd5 13.Cxd5 cxd5 14.Cd6+ Fxd6 
15.exd6 Dxd6 16.Fb5+ Fd7 17.b4 Ce6 18.Fxd7+ Dxd7 19.O-O O-O 20.Td1 Tfd8 
21.Fb2 Tac8 22.Tac1 Txc1 23.Txc1 d4 24.Fxd4 Cxd4 25.exd4 Dxd4+ 26.Df2 Dxb4
27.Dxa7 Td2 28.Rh1 Ta2 29.Db8+ Rh7 30.De5 Txg2 31.Rxg2 Dd2+ 32.Rg3 Dxc1 
33.De4+ g6 34.Dxb7 Dg1+ 1/2-1/2

[Event "Schachtage"]
[Site "Dortmund GER"]
[Date "1999.07.14"]
[Round "4"]
[White "Topalov, Veselin"]
[Black "Sokolov, Ivan"]
[Result "1-0"]
[WhiteElo "2690"]
[BlackElo "2656"]

1.Cf3 d5 2.d4 Ff5 3.c4 e6 4.Cc3 Cc6 5.cxd5 exd5 6.Ff4 Fb4 7.e3 Cge7 8.Fe2 
O-O 9.Tc1 Fd6 10.Fg3 a6 11.O-O Cc8 12.Db3 Cb6 13.Cd2 Te8 14.Ff3 Fxg3 15.
hxg3 Ce7 16.Fe2 Cec8 17.Ff3 c6 18.e4 dxe4 19.Cdxe4 Fe6 20.Dc2 Cd6 21.Cc5 
Ff5 22.Db3 Tb8 23.d5 Cbc4 24.g4 Fg6 25.Tfe1 Cd2 26.Txe8+ Dxe8 27.Dd1 Cxf3+
28.Dxf3 Tc8 29.Df4 Df8 30.Te1 Dd8 31.dxc6 Txc6 32.Cd5 Rh8 33.b4 b6 34.Ce7 
Tc7 35.Cf5 bxc5 36.Cxd6 Te7 37.Txe7 Dxe7 38.bxc5 Dc7 39.De5 f6 40.Dd5 h6 
41.c6 Fc2 42.Ce8 De7 43.Dd7 1-0

[Event "PCA/Intel-GP"]
[Site "Moscow RUS"]
[Date "1995.??.??"]
[Round "?"]
[White "Speelman, Jon S"]
[Black "Topalov, Veselin"]
[Result "1-0"]
[WhiteElo "2610"]
[BlackElo "2630"]

1.Cf3 Cf6 2.d4 g6 3.Fg5 Fg7 4.Cbd2 O-O 5.c3 h6 6.Fxf6 Fxf6 7.e4 d6 8.Fc4 
Fg7 9.De2 c5 10.dxc5 dxc5 11.O-O Cc6 12.h3 Dc7 13.Tfe1 Td8 14.e5 Tb8 15.e6
f5 16.h4 Ca5 17.Fd3 Td6 18.Cc4 Txe6 19.Dxe6+ Fxe6 20.Txe6 Rf7 21.Tae1 Cc6 
22.h5 g5 23.Fxf5 Ff6 24.Ce3 Td8 25.Cg4 Rg7 26.Cxf6 exf6 27.b4 cxb4 28.Cd4 
Td6 29.Te8 Ce5 30.Ce6+ Txe6 31.Fxe6 bxc3 32.Fb3 Dd7 33.Ta8 b6 34.Td1 De7 
35.Tdd8 f5 36.Tg8+ Rh7 37.Th8+ Rg7 38.Tag8+ Rf6 39.Txh6+ Cg6 40.Tgxg6+ Re5
1-0

[Event "PCA/Intel-GP"]
[Site "Moscow RUS"]
[Date "1995.??.??"]
[Round "?"]
[White "Speelman, Jon S"]
[Black "Topalov, Veselin"]
[Result "1-0"]
[WhiteElo "2610"]
[BlackElo "2630"]

1.d4 Cf6 2.c4 g6 3.Cc3 Fg7 4.e4 d6 5.Cf3 O-O 6.Fe2 e5 7.d5 Cbd7 8.Fg5 h6 
9.Fh4 g5 10.Fg3 Ch5 11.Cd2 Cf4 12.O-O f5 13.exf5 Cxe2+ 14.Dxe2 Cf6 15.Cde4
Fxf5 16.f3 b6 17.b4 a5 18.a3 Ch5 19.Ff2 Cf4 20.Dd2 De8 21.Fe3 Dg6 22.g4 
Fd7 23.c5 axb4 24.axb4 Txa1 25.Txa1 bxc5 26.bxc5 h5 27.Fxf4 exf4 28.c6 
Fxg4 29.fxg4 hxg4 30.Ta7 f3 31.Txc7 Fe5 32.Te7 Ff4 33.Df2 Dh6 34.c7 Ta8 
35.Cd1 Rf8 36.Td7 Re8 37.Th7 1-0

[Event "PCA/Intel-GP"]
[Site "Moscow RUS"]
[Date "1995.??.??"]
[Round "?"]
[White "Topalov, Veselin"]
[Black "Speelman, Jon S"]
[Result "1-0"]
[WhiteElo "2630"]
[BlackElo "2610"]

1.e4 c6 2.d4 d5 3.exd5 cxd5 4.c4 Cf6 5.Cc3 h6 6.cxd5 Cxd5 7.Fc4 Cxc3 8.
bxc3 Dc7 9.Dd3 Cc6 10.Cf3 e6 11.O-O Fd6 12.Te1 a6 13.a4 Ca5 14.Fa2 Fd7 15.
Ce5 Tc8 16.Fd2 b6 17.Dg3 Fxe5 18.Txe5 Rf8 19.d5 f6 20.dxe6 fxe5 21.e7+ 1-0

[Event "Olympiad (men)"]
[Site "Elista RUS"]
[Date "1998.10.05"]
[Round "7"]
[White "Svidler, Peter"]
[Black "Topalov, Veselin"]
[Result "0-1"]
[WhiteElo "2710"]
[BlackElo "2700"]
[EventDate "1998.09.29"]

1.e4 c5 2.Cf3 d6 3.d4 cxd4 4.Cxd4 Cf6 5.Cc3 a6 6.Fe3 e6 7.g4 h6 8.f4 e5 9.
Cf5 h5 10.Cd5 Cxd5 11.Dxd5 g6 12.O-O-O gxf5 13.exf5 Cc6 14.Fc4 Df6 15.fxe5
Cxe5 16.g5 Dxf5 17.Fb3 Df3 18.Dd2 Dc6 19.Thf1 Fe6 20.Fxe6 fxe6 21.Tf6 
O-O-O 22.Txe6 Fg7 0-1

[Event "?"]
[Site "Dos Hermanas ESP"]
[Date "1999.04.10"]
[Round "4"]
[White "Topalov, Veselin"]
[Black "Svidler, Peter"]
[Result "1/2-1/2"]
[WhiteElo "2700"]
[BlackElo "2713"]

1.Cf3 Cf6 2.c4 g6 3.Cc3 d5 4.Da4+ Fd7 5.Db3 dxc4 6.Dxc4 a6 7.g3 Cc6 8.Fg2 
Fg7 9.O-O e5 10.d3 h6 11.Td1 Fe6 12.Da4 O-O 13.Fe3 Cd5 14.Fc5 Cb6 15.Da3 
Te8 16.Tac1 Cd4 17.Cd2 Cb5 18.Db4 c6 19.Da5 Cd7 20.Dxd8 Taxd8 21.Fb4 Cf6 
22.Fa5 Tb8 23.Cc4 Cd5 24.Cxd5 cxd5 25.Cb6 e4 26.e3 Fxb2 27.Tc2 Fg7 28.a4 
exd3 29.Tcc1 Ca7 30.Txd3 Cc6 31.Fc3 Ce5 32.Fxe5 Fxe5 33.Fxd5 Tbd8 34.e4 
Te7 35.Rg2 Fc7 36.Tb1 Rg7 37.Cc4 Fd7 38.Txb7 1/2-1/2

[Event "12. Olympiad"]
[Site "Moscow RUS"]
[Date "1994.??.??"]
[Round "8"]
[White "Timman, Jan H"]
[Black "Topalov, Veselin"]
[Result "0-1"]
[WhiteElo "2635"]
[BlackElo "2645"]

1.c4 Cf6 2.Cc3 g6 3.e4 d6 4.d4 Fg7 5.f3 O-O 6.Fe3 e5 7.d5 Ch5 8.Dd2 f5 9.
O-O-O a6 10.exf5 gxf5 11.Cge2 b5 12.Cg3 Cf6 13.Fg5 b4 14.Cb1 De8 15.Dxb4 
h6 16.Fd2 a5 17.Da3 Ca6 18.Cc3 Fd7 19.Fd3 Dg6 20.Fb1 Cb4 21.Thg1 h5 22.
Cge2 Df7 23.Cg3 Ch7 24.Cb5 Tfc8 25.Db3 Ff8 26.a3 c6 27.Cc3 cxd5 28.cxd5 
Tab8 29.axb4 axb4 30.Dc2 bxc3 31.bxc3 Tc4 32.Dd3 Ta4 33.Fe3 f4 34.Dxh7+ 
Dxh7 35.Fxh7+ Rxh7 36.Ce4 Ta1+ 37.Rd2 Tb2+ 38.Rd3 Fb5+ 39.c4 Ta3+ 40.Cc3 
Fe8 0-1

[Event "Investbanka"]
[Site "Belgrade SCG"]
[Date "1995.??.??"]
[Round "7"]
[White "Timman, Jan H"]
[Black "Topalov, Veselin"]
[Result "1/2-1/2"]
[WhiteElo "2595"]
[BlackElo "2670"]

1.Cf3 Cf6 2.d4 g6 3.Fg5 Fg7 4.c3 d6 5.Cbd2 O-O 6.e4 c5 7.Fd3 cxd4 8.cxd4 
h6 9.Fh4 Ch5 10.O-O g5 11.Fg3 g4 12.Ch4 Cxg3 13.hxg3 Fxd4 14.Cf5 Fxf5 15.
exf5 h5 16.f6 Cd7 17.fxe7 Dxe7 18.Ff5 Cc5 19.Cc4 Df6 20.Dd2 d5 21.Ce3 Ce4 
22.Fxe4 dxe4 23.Cd5 De5 24.Tfd1 Dxd5 25.Dxd4 Dxd4 26.Txd4 f5 27.Tc1 Tac8 
28.Txc8 Txc8 29.Td5 Tc1+ 30.Rh2 Rf7 31.Txf5+ Re6 32.Txh5 Tc2 33.Tg5 Txf2 
34.Txg4 Rd5 35.Tg7 e3 36.Te7 Rd4 37.g4 Rd3 38.g5 Txb2 39.g6 Tb6 40.g7 Tg6 
41.Txb7 1/2-1/2

[Event "Novgorod"]
[Site "Novgorod RUS"]
[Date "1995.??.??"]
[Round "5"]
[White "Timman, Jan H"]
[Black "Topalov, Veselin"]
[Result "1/2-1/2"]
[WhiteElo "2635"]
[BlackElo "2630"]

1.e4 c5 2.Cc3 Cc6 3.Cf3 g6 4.d4 cxd4 5.Cxd4 Fg7 6.Fe3 d6 7.Fe2 Cf6 8.O-O 
O-O 9.Dd2 Cg4 10.Fxg4 Fxg4 11.Cxc6 bxc6 12.Fh6 Fxh6 13.Dxh6 Tb8 14.b3 Da5 
15.De3 Tfd8 16.h3 Fe6 17.Tfd1 f6 18.Td3 Db6 19.Dh6 Dc5 20.Tad1 Rh8 21.T1d2
Tg8 22.De3 Dxe3 23.Txe3 g5 24.Ce2 Rg7 25.Cd4 Fd7 26.Cf5+ Fxf5 27.exf5 Rf7 
28.Tde2 Tb7 29.g4 h5 30.Rg2 hxg4 31.hxg4 Th8 32.Te4 a5 33.Te1 Th7 34.Te6 
a4 35.bxa4 Th8 36.T1e3 Ta8 37.Th3 Txa4 38.Th7+ Rf8 39.Rg3 Txa2 40.Txf6+ 
exf6 41.Txb7 Txc2 42.Tb8+ Re7 43.Tb7+ Re8 44.Tb8+ Rd7 45.Tb7+ Re8 1/2-1/2

[Event "Amsterdam VSB"]
[Site "Amsterdam NED"]
[Date "1996.??.??"]
[Round "5"]
[White "Topalov, Veselin"]
[Black "Timman, Jan H"]
[Result "1-0"]
[WhiteElo "2700"]
[BlackElo "2620"]

1.e4 c6 2.d4 d5 3.e5 Ff5 4.Cf3 e6 5.Fe2 Cd7 6.O-O h6 7.b3 Ce7 8.c4 Cg6 9.
Ca3 Cf4 10.Fxf4 Fxa3 11.Fd3 Fg4 12.Tb1 Fe7 13.h3 Fh5 14.De2 O-O 15.De3 a5 
16.cxd5 cxd5 17.Fxh6 Fxf3 18.gxf3 Fh4 19.Rh1 f5 20.Tg1 Tf7 21.Fxg7 Txg7 
22.Dh6 Fg5 23.Dxe6+ Rh8 24.Dxf5 De7 25.Dg4 Cxe5 26.dxe5 Dxe5 27.Tbe1 Df4 
28.Dh5+ Rg8 29.Txg5 Txg5 30.Dh7+ Rf8 31.Dh6+ Rf7 32.Fg6+ 1-0

[Event "Hoogovens"]
[Site "Wijk aan Zee NED"]
[Date "1996.??.??"]
[Round "8"]
[White "Timman, Jan H"]
[Black "Topalov, Veselin"]
[Result "1/2-1/2"]
[WhiteElo "2620"]
[BlackElo "2700"]

1.d4 Cf6 2.c4 c5 3.Cf3 cxd4 4.Cxd4 e5 5.Cb5 d5 6.cxd5 Fc5 7.C5c3 O-O 8.e3 
De7 9.Fe2 e4 10.a3 Td8 11.b4 Fd6 12.Fb2 a5 13.bxa5 Fe5 14.Da4 Ca6 15.Cd2 
Cc5 16.Db4 Fg4 17.Cc4 Fxc3+ 18.Dxc3 Fxe2 19.Rxe2 Dd7 20.Thd1 Tac8 21.Rf1 
Cd3 22.Db3 Df5 23.Txd3 exd3 24.Fxf6 Dxf6 25.Td1 Da6 26.Cd2 Dxa5 27.e4 Da6 
28.a4 Tc5 29.g3 Tdc8 30.Rg2 Tc1 31.Txc1 Txc1 32.Db4 Df6 33.Dxb7 g6 34.Db8+
Rg7 35.e5 Df5 36.Cf3 Tc2 37.Db4 Te2 38.Dc3 Rh6 39.Dd4 De4 40.Dxe4 Txe4 41.
d6 Txa4 42.Cd2 Rg5 43.f4+ Rf5 44.Rf3 f6 45.exf6 Rxf6 46.Re3 Re6 47.Rxd3 
Ta3+ 48.Re2 Ta2 49.Re3 Rxd6 50.Ce4+ Re7 51.h3 Ta3+ 52.Rf2 h6 53.Rg2 Re6 
54.g4 h5 55.Cg5+ Rd5 56.Rf2 Rd4 57.Rg2 Re3 58.Rg3 Ta6 59.gxh5 gxh5 60.Rh4 
Rxf4 61.Rxh5 Rf5 62.h4 Ta8 63.Rh6 Rg4 64.Rg6 Rxh4 65.Ce6 Rg4 66.Rf6 Ta5 
67.Cd4 1/2-1/2

[Event "Hoogovens"]
[Site "Wijk aan Zee NED"]
[Date "1998.01.17"]
[Round "2"]
[White "Topalov, Veselin"]
[Black "Timman, Jan H"]
[Result "1/2-1/2"]
[WhiteElo "2740"]
[BlackElo "2635"]

1.d4 d5 2.c4 c6 3.Cf3 Cf6 4.Cc3 e6 5.Fg5 h6 6.Fh4 dxc4 7.e4 g5 8.Fg3 b5 9.
Fe2 Fb7 10.Ce5 Fg7 11.h4 Cfd7 12.Cg4 Da5 13.hxg5 hxg5 14.Txh8+ Fxh8 15.Rf1
Ca6 16.e5 O-O-O 17.a4 Db4 18.Ff3 Dxb2 19.axb5 Dxc3 20.bxa6 Fa8 21.Tc1 Db3 
22.Ch6 Tf8 23.Fh5 Dxd1+ 24.Txd1 f5 25.exf6 Fxf6 26.Cf7 Fe7 27.Cd6+ Fxd6 
28.Fxd6 Tf5 29.Fg4 Td5 30.Fg3 c5 31.Fxe6 Txd4 32.Txd4 cxd4 33.Fxc4 Fe4 34.
f3 Ff5 35.Ff2 Ce5 36.Fb5 Fd7 37.Fxd7+ Rxd7 38.Fxd4 Cc6 39.Fc5 g4 40.Re2 
Re6 41.f4 Cb8 42.Fxa7 Cxa6 1/2-1/2

[Event "Hoogovens Blitz"]
[Site "Wijk aan Zee NED"]
[Date "1998.01.19"]
[Round "1"]
[White "Timman, Jan H"]
[Black "Topalov, Veselin"]
[Result "0-1"]
[WhiteElo "2635"]
[BlackElo "2740"]

1.e4 c5 2.Cf3 e6 3.c3 d5 4.e5 Cc6 5.d4 Fd7 6.Fe2 Db6 7.O-O Ch6 8.b3 cxd4 
9.cxd4 Cf5 10.Fb2 Fe7 11.a3 a5 12.h3 Tc8 13.g4 Ch4 14.Cbd2 Cg6 15.Te1 O-O 
16.Ff1 f6 17.Tc1 fxe5 18.dxe5 Cf4 19.Tc2 Fe8 20.Fd4 Dd8 21.Fc5 Fg6 22.Tc1 
Cxe5 23.Fxe7 Txc1 24.Fxd8 Txd1 25.Txd1 Cxf3+ 26.Cxf3 Txd8 27.Ce5 Fc2 28.
Tc1 Fxb3 29.Tc7 d4 30.Cd3 Cxd3 31.Fxd3 Fd5 32.f4 Tf8 33.f5 exf5 34.gxf5 
Fc6 35.Rf2 g6 36.Rg3 gxf5 37.Rf4 Rh8 38.h4 h5 39.Te7 Te8 40.Txe8+ Fxe8 41.
Fxf5 Rg7 42.Fe4 b6 43.Re5 Fg6 44.Rxd4 Fxe4 45.Rxe4 Rf6 46.a4 Re6 47.Rf4 
Rd6 48.Rg5 b5 49.axb5 a4 0-1

[Event "Olympiad (men)"]
[Site "Elista RUS"]
[Date "1998.10.11"]
[Round "12"]
[White "Topalov, Veselin"]
[Black "Timman, Jan H"]
[Result "0-1"]
[WhiteElo "2700"]
[BlackElo "2655"]
[EventDate "1998.09.29"]

1.e4 c6 2.d4 d5 3.Cd2 dxe4 4.Cxe4 Cd7 5.Cg5 Cgf6 6.Fd3 e6 7.C1f3 Fd6 8.De2
h6 9.Ce4 Cxe4 10.Dxe4 Dc7 11.Dg4 Rf8 12.O-O c5 13.Dh4 b6 14.Fe4 Fb7 15.
Fxb7 Dxb7 16.b3 Fe7 17.Dg3 Ff6 18.Fe3 g6 19.Tad1 Rg7 20.c4 Tad8 21.d5 exd5
22.Txd5 Cf8 23.Txd8 Fxd8 24.h4 h5 25.Td1 Ff6 26.Fg5 Ch7 27.Td5 Te8 28.Ff4 
Td8 29.Fd6 Dc6 30.Rh2 Rg8 31.Cd2 Fxh4 32.Dd3 Cf6 33.Fe7 Dc7+ 0-1

[Event "Hoogovens"]
[Site "Wijk aan Zee NED"]
[Date "1999.01.16"]
[Round "1"]
[White "Topalov, Veselin"]
[Black "Timman, Jan H"]
[Result "1-0"]
[WhiteElo "2700"]
[BlackElo "2649"]

1.c4 e5 2.g3 Cf6 3.Fg2 d5 4.cxd5 Cxd5 5.Cf3 Cc6 6.O-O Fe7 7.d4 e4 8.Ce5 f5
9.Cxc6 bxc6 10.Da4 Dd7 11.Td1 c5 12.Dxd7+ Fxd7 13.dxc5 Fe6 14.Cd2 O-O-O 
15.a3 e3 16.Cf1 exf2+ 17.Rxf2 Fxc5+ 18.Re1 The8 19.Fg5 Td6 20.Tac1 Fb6 21.
Ff3 h6 22.Ff4 Td7 23.Fe5 g5 24.Fd4 g4 25.Fh1 Ff7 26.Fxb6 axb6 27.Tc6 f4 
28.Rf2 h5 29.Td4 fxg3+ 30.Cxg3 Te5 31.Th6 Td8 32.Re1 Td6 33.Th8+ Rd7 34.
Th7 Re8 35.Ta4 Cf4 36.Txf4 1-0

[Event "SuperGM"]
[Site "Sarajevo BIH"]
[Date "1999.05.17"]
[Round "1"]
[White "Timman, Jan H"]
[Black "Topalov, Veselin"]
[Result "0-1"]
[WhiteElo "2670"]
[BlackElo "2700"]

1.d4 d5 2.c4 c6 3.Cf3 Cf6 4.Cc3 dxc4 5.Ce5 Cbd7 6.Cxc4 b5 7.Ce3 Fb7 8.g3 
c5 9.Fg2 Fxg2 10.Cxg2 Db6 11.dxc5 Cxc5 12.Fe3 e6 13.O-O Db7 14.Tc1 Ccd7 
15.a4 a6 16.axb5 axb5 17.Dd3 Tb8 18.Tfd1 Fe7 19.Ta1 Dc6 20.Ff4 e5 21.Fg5 
O-O 22.Ce3 Fc5 23.Tac1 e4 24.Cxe4 Cxe4 25.Dxd7 Dxd7 26.Txd7 Tbc8 27.Ff4 g5
28.Fc7 Fxe3 29.fxe3 Tfe8 30.Tf1 f6 31.Tf5 Ta8 32.Txb5 Ta1+ 33.Rg2 Te1 34.
Rf3 Tf1+ 35.Rg4 f5+ 36.Txf5 h5+ 37.Rxh5 Txf5 0-1

[Event "Schachtage"]
[Site "Dortmund GER"]
[Date "1999.07.16"]
[Round "6"]
[White "Timman, Jan H"]
[Black "Topalov, Veselin"]
[Result "1-0"]
[WhiteElo "2650"]
[BlackElo "2690"]

1.e4 c5 2.Cf3 d6 3.d4 cxd4 4.Cxd4 Cf6 5.Cc3 a6 6.Fe3 e6 7.g4 h6 8.f4 e5 9.
Cf5 h5 10.Dd2 Cxg4 11.O-O-O g6 12.Cd5 Cxe3 13.Cfxe3 Fh6 14.Rb1 Cc6 15.Dc3 
O-O 16.f5 Rh7 17.Cc4 Tb8 18.Cdb6 Cd4 19.Fh3 g5 20.Dd3 g4 21.Fg2 Fd7 22.c3 
Cb5 23.h3 g3 24.Dxg3 Fc6 25.Ff3 Tg8 26.Df2 Dg5 27.Cd5 Fxd5 28.Txd5 Tbd8 
29.De2 Cc7 30.Tdd1 Df6 31.h4 Tg3 32.Cb6 d5 33.Cxd5 Cxd5 34.exd5 b5 35.a3 
a5 36.De4 Ff8 37.Thg1 Txg1 38.Txg1 b4 39.cxb4 axb4 40.a4 b3 41.Fe2 Tb8 42.
Fb5 Rh8 43.Tg3 Fh6 44.Txb3 Tg8 45.Fe2 Ff4 46.Fxh5 1-0

[Event "EUCup final 15th"]
[Site "Bugojno BIH"]
[Date "1999.10.29"]
[Round "1"]
[White "Timman, Jan H"]
[Black "Topalov, Veselin"]
[Result "1/2-1/2"]
[WhiteElo "2650"]
[BlackElo "2690"]

1.e4 c5 2.Cf3 d6 3.d4 cxd4 4.Cxd4 Cf6 5.Cc3 a6 6.f3 e5 7.Cb3 Fe6 8.Fe3 Fe7
9.Dd2 h5 10.Cd5 Cxd5 11.exd5 Ff5 12.Fe2 Dc7 13.Tc1 a5 14.a4 Cd7 15.Fd3 
Fxd3 16.Dxd3 O-O 17.Db5 Fh4+ 18.g3 Fe7 19.O-O f5 20.f4 Rh7 21.Cd2 e4 22.
Cc4 Fd8 23.Rh1 Tf7 24.c3 Tc8 25.b3 g6 26.Tfd1 Cc5 27.Fxc5 Dxc5 28.Dxc5 
Txc5 29.Ca3 Td7 30.Cb5 Fb6 31.Rg2 Tc8 32.Tc2 1/2-1/2

[Event "PCA Open"]
[Site "New York, NY USA"]
[Date "1994.??.??"]
[Round "6"]
[White "Tiviakov, Sergei"]
[Black "Topalov, Veselin"]
[Result "1-0"]
[WhiteElo "2640"]
[BlackElo "2645"]

1.e4 c5 2.Cf3 d6 3.d4 cxd4 4.Cxd4 Cf6 5.Cc3 a6 6.Fe3 Cg4 7.Fc1 Cf6 8.Fe2 
g6 9.O-O Fg7 10.a4 O-O 11.Fg5 Cc6 12.Cb3 Fe6 13.Rh1 Ca5 14.Cd4 Fc4 15.Fxc4
Cxc4 16.b3 Ca5 17.Cd5 Cxd5 18.exd5 Tc8 19.Tb1 Dd7 20.Te1 Tfe8 21.c4 b6 22.
Dd3 Cb7 23.Cc6 e6 24.b4 a5 25.Fe3 axb4 26.Txb4 exd5 27.cxd5 Cc5 28.Dc2 Ta8
29.Td1 Ta6 30.Dc4 Tea8 31.a5 bxa5 32.Tb8+ Txb8 33.Cxb8 Dc8 34.Fxc5 dxc5 
35.Cxa6 1-0

[Event "Hoogovens"]
[Site "Wijk aan Zee NED"]
[Date "1996.??.??"]
[Round "11"]
[White "Topalov, Veselin"]
[Black "Tiviakov, Sergei"]
[Result "1/2-1/2"]
[WhiteElo "2700"]
[BlackElo "2625"]

1.e4 c5 2.Cf3 Cc6 3.d4 cxd4 4.Cxd4 g6 5.Cc3 Fg7 6.Fe3 Cf6 7.Fc4 O-O 8.Fb3 
d6 9.f3 Fd7 10.Dd2 Cxd4 11.Fxd4 b5 12.h4 a5 13.a4 bxa4 14.Cxa4 e5 15.Fb6 
Db8 16.Fe3 Fe6 17.Ta3 Db4 18.Cb6 Tab8 19.Dxb4 axb4 20.Ta5 Fxb3 21.cxb3 
Tfd8 22.Re2 Ch5 23.Tc1 f5 24.Tc7 fxe4 25.fxe4 Cf4+ 26.Rd2 Ce6 27.Te7 Te8 
28.Cd5 Txe7 29.Cxe7+ Rf8 30.Cd5 Tb7 31.Ta6 Td7 32.Tb6 Cf4 33.Fxf4 exf4 34.
Cxf4 Fh6 35.Re3 d5 36.exd5 Txd5 37.Txb4 Td1 38.g4 Rg8 39.Tb8+ Rf7 40.Tb7+ 
Rg8 41.g5 Fg7 42.b4 Fxb2 43.Cd3 Fc3 44.b5 Th1 45.Cf4 Txh4 46.Cd5 Fd4+ 47.
Rd3 Rf8 48.Cf6 h6 49.Th7 Fe5 50.b6 Tb4 51.Cd7+ Rg8 52.Te7 Fg7 53.gxh6 Fxh6
54.Cf6+ Rf8 55.Te4 Tb1 56.Cd5 Fg5 57.Cb4 Fe7 58.b7 Fd6 59.Rc2 Ta1 60.Cc6 
Ta6 61.Cd8 Ta5 62.Te6 Fh2 63.Rc3 Tb5 64.Rc4 Tb2 65.Te1 Fc7 66.Ce6+ Rf7 67.
Cxc7 Txb7 68.Ce8 Td7 69.Rc5 Td2 70.Cd6+ Rg7 71.Rc6 g5 1/2-1/2

[Event "EU Ch U20"]
[Site "Arnhem NED"]
[Date "1989.??.??"]
[Round "?"]
[White "Markovic, Ivan"]
[Black "Topalov, Veselin"]
[Result "1-0"]
[WhiteElo "2370"]
[BlackElo "2460"]

1.e4 e6 2.d4 d5 3.Cc3 Cc6 4.e5 f6 5.f4 fxe5 6.dxe5 Ch6 7.Dh5+ g6 8.Dh3 Cb4
9.Fd3 c5 10.Fb5+ Rf7 11.Rd1 Rg7 12.a3 Cc6 13.Cf3 Cf5 14.g4 Cfd4 15.Fe2 
Cxe2 16.Cxe2 d4 17.Cg3 Dd5 18.Tf1 d3 19.f5 exf5 20.Fh6+ Rg8 21.Fxf8 Fd7 
22.Fd6 fxg4 23.Dh6 dxc2+ 24.Rc1 gxf3 25.Ch5 Dd1+ 26.Txd1 cxd1=D+ 27.Rxd1 
gxh5 28.Dg5+ Rf7 29.Df6+ Rg8 30.e6 1-0